Developing capacity through technical cooperation : (Record no. 5859)
[ view plain ]
| 000 -LEADER | |
|---|---|
| fixed length control field | 01269cam a22003254a 4500 |
| 001 - CONTROL NUMBER | |
| control field | 12899357 |
| 003 - CONTROL NUMBER IDENTIFIER | |
| control field | OSt |
| 005 - DATE AND TIME OF LATEST TRANSACTION | |
| control field | 20171023175213.0 |
| 008 - FIXED-LENGTH DATA ELEMENTS--GENERAL INFORMATION | |
| fixed length control field | 020819s2002 enka b 001 0 eng |
| 010 ## - LIBRARY OF CONGRESS CONTROL NUMBER | |
| LC control number | 2002013268 |
| 020 ## - INTERNATIONAL STANDARD BOOK NUMBER | |
| International Standard Book Number | 1853839698 (pbk.) |
| 020 ## - INTERNATIONAL STANDARD BOOK NUMBER | |
| International Standard Book Number | 1853839744 (hard) |
| 040 ## - CATALOGING SOURCE | |
| Original cataloging agency | DLC |
| Transcribing agency | DLC |
| Modifying agency | DLC |
| 042 ## - AUTHENTICATION CODE | |
| Authentication code | pcc |
| 043 ## - GEOGRAPHIC AREA CODE | |
| Geographic area code | d------ |
| 050 00 - LIBRARY OF CONGRESS CALL NUMBER | |
| Classification number | T49.5 |
| Item number | .D478 2002 |
| 082 00 - DEWEY DECIMAL CLASSIFICATION NUMBER | |
| Classification number | 338.01 |
| Edition number | 21 |
| Item number | DEV 2002 |
| 245 00 - TITLE STATEMENT | |
| Title | Developing capacity through technical cooperation : |
| Remainder of title | country experiences / |
| Statement of responsibility, etc. | edited by Stephen Browne. |
| 260 ## - PUBLICATION, DISTRIBUTION, ETC. (IMPRINT) | |
| Place of publication, distribution, etc. | London ; |
| -- | Sterling, VA : |
| Name of publisher, distributor, etc. | Earthscan Publications, |
| Date of publication, distribution, etc. | 2002. |
| 300 ## - PHYSICAL DESCRIPTION | |
| Extent | vii, 207 p. : |
| Other physical details | ill. ; |
| Dimensions | 26 cm. |
| 504 ## - BIBLIOGRAPHY, ETC. NOTE | |
| Bibliography, etc | Includes bibliographical references. |
| 650 #0 - SUBJECT ADDED ENTRY--TOPICAL TERM | |
| Topical term or geographic name as entry element | Technology |
| Geographic subdivision | Developing countries |
| General subdivision | International cooperation. |
| 9 (RLIN) | 12191 |
| 650 #0 - SUBJECT ADDED ENTRY--TOPICAL TERM | |
| Topical term or geographic name as entry element | Technology transfer |
| Geographic subdivision | Developing countries. |
| 9 (RLIN) | 12192 |
| 650 #0 - SUBJECT ADDED ENTRY--TOPICAL TERM | |
| Topical term or geographic name as entry element | Technical assistance |
| Geographic subdivision | Developing countries. |
| 9 (RLIN) | 12193 |
| 650 #0 - SUBJECT ADDED ENTRY--TOPICAL TERM | |
| Topical term or geographic name as entry element | Research, Industrial |
| Geographic subdivision | Developing countries. |
| 9 (RLIN) | 12194 |
| 700 1# - ADDED ENTRY--PERSONAL NAME | |
| Personal name | Browne, Stephen. |
| 9 (RLIN) | 12195 |
| 906 ## - LOCAL DATA ELEMENT F, LDF (RLIN) | |
| a | 7 |
| b | cbc |
| c | orignew |
| d | 1 |
| e | ecip |
| f | 20 |
| g | y-gencatlg |
| 942 ## - ADDED ENTRY ELEMENTS (KOHA) | |
| Source of classification or shelving scheme | Dewey Decimal Classification |
| Koha item type | Open Shelf |
| Withdrawn status | Lost status | Source of classification or shelving scheme | Damaged status | Not for loan | Home library | Current library | Date acquired | Source of acquisition | Inventory number | Total Checkouts | Full call number | Barcode | Date last seen | Price effective from | Koha item type |
|---|---|---|---|---|---|---|---|---|---|---|---|---|---|---|---|
| Dewey Decimal Classification | MUST Main Library | MUST Main Library | 23/10/2017 | 2003/20071 | 338.01 DEV 2002 | 2017-0859 | 23/10/2017 | 23/10/2017 | Open Shelf | ||||||
| Dewey Decimal Classification | MUST Main Library | MUST Main Library | 08/07/2024 | 03/20072 | 338.01 DEV 2002 | 2024-21821 | 08/07/2024 | 08/07/2024 | Open Shelf |
